| 000 | 004040000a22001090004500 | ||
|---|---|---|---|
| 090 |
_aAS _bSeriadas |
||
| 245 | 1 | 0 | _aAcerca de las especies colombianas del género Ptychoglossus (<Sauria: Gymnphtalmidae>) con la descripción de una nueva especie |
| 041 | 0 | _aEspañol | |
| 100 | 1 |
_aRueda Almonacid, José Vicente _9689 |
|
| 942 | _cARTICULO | ||
| 773 | 1 |
_tLozania: Acta Zoológica Colombiana _3375 _h51 _q1-12 _d1985 |
|
| 999 |
_c15205 _d15205 |
||